000
00202 a2200097 4500
001
32649
100
_a
Lamb, H
245
_a
Babur the tiger
260
_a
London
_b
Kobert Hale
_c
090
_c
21862
_d
21862
942
_a
NUST-CAE
_c
M
_c
13183
999
_c
267722
_d
267722